| 000 | 00666nam a2200193 a 4500 | ||
|---|---|---|---|
| 005 | 20240614063727.0 | ||
| 008 | 991125s1975 fr 000 0 eng u | ||
| 035 | _aUPN01000001774 | ||
| 049 | _aF | ||
| 050 | 4 |
_aPE1127 L6 _bC3.2 |
|
| 100 | 1 |
_aCarroll, Lewis, _d1832-1898 |
|
| 245 | 1 | 0 |
_aAlice's adventures in wonderland and through the looking-glass / _cLewis Carroll ; adapted by Lynette Vaughan. |
| 260 |
_aParís : _bHachette, _c1975. |
||
| 300 |
_a63 p. : _bil. |
||
| 440 | 0 |
_aFacts and fiction in easy english. _pFirst grade |
|
| 650 | 4 |
_aInglés _vLibros de texto para extranjeros _99168 |
|
| 650 | 7 |
_aLiteratura infantil estadounidense _2 _99173 |
|
| 905 | _aLibro | ||
| 999 |
_c1774 _d1774 |
||